000 00652nam a2200205 a 4500
005 20210223123852.0
008 991125n 000 0 spa u
035 _aUPN01000074733
100 1 _aSantiuste Bermejo, Víctor
_929953
222 _aREVISTA DE PSICOLOGIA GENERAL Y APLICADA
245 _aEfectos del contexto en el procesamiento de la comprensión lingüística
300 _a149-155
362 0 _a1991 Vol. 44, no. 2, abr.
653 0 _aCOMPRENSION VERBAL
653 0 _aPSICOLINGUISTICA
700 1 _aBarriguete Merchan, Carmen,
_ecoaut.
700 1 _aAyala Flores, Carlos L.,
_ecoaut.
904 _aAC
_b012544
905 _aArticulo
999 _c67091
_d67091